| 000 | 00569nam a2200193 i 4500 | ||
|---|---|---|---|
| 001 | 47639 | ||
| 003 | ES-MaACL | ||
| 005 | 20230906161613.0 | ||
| 007 | t| | ||
| 008 | 030509s1971 sp ||||1| spa d | ||
| 080 | _a664.85.63 | ||
| 080 | _a665.327.3 | ||
| 245 | 0 | 0 | _aCómo revalorizar las aceitunas de almazara de 10 al 20 % más del precio actual. |
| 260 |
_a[S.l. : _bs.n., _c1971] ( _eToledo : _fImp. Rofi) |
||
| 300 |
_a26 f., 12 h. ; _c22 cm. |
||
| 650 | 1 | 4 |
_aAceitunas. _99583 |
| 650 |
_aAceite de oliva- _xElaboración. _9171210 |
||
| 852 |
_aES-MaACL _jC-45106 |
||
| 999 |
_c47639 _d47639 |
||